00429nam a2200169Ia 4500008004100000020001800041041000800059082001600067100002400083245003300107250000600140260004700146300001600193365001400209650002400223650001200247210423s1996 xx 000 0 und d a0-521-56565-0 aeng a531.14 NARL aNARLIKAR (Jayant V) aLighter side of gravity Ed 2 a2 aNew YorkbCambridge University Pressc1996 axii,217bPB b3399cINR aClassical Mechanics aPhysics